Helen Jacquet-Gordon, 1918–2013 /

It is with great sadness that we announce the passing of Helen Jacquet-Gordon, 95, at her home in Carouge, Switzerland, on April 26th, 2013, with her beloved husband Jean by her side. The loss to Egyptology is profound; Helen was a true Renaissance woman who specialized in ancient Egyptian ceramics...

وصف كامل

محفوظ في:

المؤلف الرئيسي: Johnson, W. Raymond.

التنسيق: كتاب

اللغة: Undetermined

الوصول للمادة أونلاين: Login to view Source

الوسوم: إضافة وسم

لا توجد وسوم, كن أول من يضع وسما على هذه التسجيلة!

رقم الطلب:

LEADER 00882nam a2200109Ia 4500
008 220712s9999||||xx |||||||||||||| ||und||
100 1 |a Johnson, W. Raymond. 
245 1 0 |a Helen Jacquet-Gordon, 1918–2013 /  |c W. Raymond Johnson. 
520 3 |a It is with great sadness that we announce the passing of Helen Jacquet-Gordon, 95, at her home in Carouge, Switzerland, on April 26th, 2013, with her beloved husband Jean by her side. The loss to Egyptology is profound; Helen was a true Renaissance woman who specialized in ancient Egyptian ceramics but was proficient in the language, epigraphy, art, history, and archaeology of ancient Egypt and the Sudan, and was herself an accomplished artist and musician. 
856 4 |u https://lockwoodonlinejournals.com/index.php/jarce/workflow/access/13 
952 |0 0  |1 0  |4 0  |7 1  |9 42293  |a JARCE  |b JARCE  |d 2022-08-09  |l 0  |r 2022-08-09 00:00:00  |w 2022-08-09  |y PT 
999 |c 49056  |d 49056